| 000 | 01336cam a2200349 a 4500 | ||
|---|---|---|---|
| 999 |
_c171 _d171 |
||
| 001 | 12824981 | ||
| 003 | GZU | ||
| 005 | 20200707131642.0 | ||
| 008 | 020620s2002 nyu b 000 0 eng d | ||
| 010 | _a 2002283687 | ||
| 020 | _a0609608746 | ||
| 035 | _a(OCoLC)ocm49310884 | ||
| 040 |
_aGZG _cGZG _dUOK _dLEO _dDLC |
||
| 042 | _alccopycat | ||
| 050 | 0 | 0 |
_aBF637 KAT 2002 _bK336 2002b |
| 082 | 0 | 0 |
_a158.1 _221 |
| 100 | 1 | _aKatie, Byron. | |
| 245 | 1 | 0 |
_aLoving what is : _bfour questions that can change your life / _cByron Katie written with Stephen Mitchell. |
| 250 | _a1st ed. | ||
| 260 |
_aNew York : _bHarmony Books, _c2002. |
||
| 300 |
_axxvi, 258 p. ; _c25 cm. |
||
| 504 | _aIncludes bibliographical references (p. 257-258). | ||
| 650 | 0 | _aSelf-actualization (Psychology) | |
| 650 | 0 | _aSelf-acceptance. | |
| 700 | 1 |
_aMitchell, Stephen, _d1943- |
|
| 856 | 4 | 2 |
_3Contributor biographical information _uhttp://www.loc.gov/catdir/bios/random054/2002283687.html |
| 856 | 4 | 1 |
_3Sample text _uhttp://www.loc.gov/catdir/samples/random041/2002283687.html |
| 856 | 4 | 2 |
_3Publisher description _uhttp://www.loc.gov/catdir/description/random043/2002283687.html |
| 906 |
_a7 _bcbc _ccopycat _d2 _encip _f20 _gy-gencatlg |
||
| 942 |
_2lcc _cBK _h637 _iKAT _kBF |
||